Vista normal Vista MARC

Entrada Geographic Name

Número de registros utilizados en: 2

001 - CONTROL NUMBER

  • control field: 39024

003 - CONTROL NUMBER IDENTIFIER

  • control field: OSt

005 - DATE AND TIME OF LATEST TRANSACTION

  • control field: 20230915232103.0

008 - FIXED-LENGTH DATA ELEMENTS

  • fixed length control field: 230915|| aca||aabn | a|a d

040 ## - CATALOGING SOURCE

  • Original cataloging agency: OSt
  • Transcribing agency: OSt

151 ## - HEADING--GEOGRAPHIC NAME

  • Geographic name: NOVELA HISTORICA COLOMBIANA

670 ## - SOURCE DATA FOUND

  • Source citation: Work cat.: (OSt)23108: Cepeda Samudio, Álvaro, 1926 - 1972 39021, La casa grande / , 2012









Instituto Departamental de Cultura del Meta - Red Departamental de Bibliotecas Públicas del Meta.